Slováci zo Starej Pazovy zahrali Timravinu novelu Hrdinovia O vojne v Juhoslávii nechceli rozprávať, rany sú ešte čerstvé

Bibliographic Details
Main Author: Hriadelová, Miloslava (Author)
Corporate Authors: Štátne divadlo Košice (Author), Slovenské vojvodinské divadlo (Author)
Format: Article
Language:Slovak
Subjects:

MARC

LEADER 00000nab a2200000 a 4500
001 vtls000929026
003 SK-MaSNL
005 20260304021929.0
008 040720e20020225xo 0 slo
035 |a KE37903 
040 |a KEVKJB  |b slo  |c KEVKJB  |e AACR2 
041 0 |a slo 
044 |a xo  |c SK 
080 |a 792  |2 1981 
100 1 |a Hriadelová, Miloslava  |4 aut  |9 348764 
245 1 0 |a Slováci zo Starej Pazovy zahrali Timravinu novelu Hrdinovia  |b O vojne v Juhoslávii nechceli rozprávať, rany sú ešte čerstvé 
300 |b 2 obr. 
610 2 7 |a Štátne divadlo Košice  |2 KEVKJB  |9 120184 
610 2 7 |a Slovenské divadlo VHH Stará Pazova  |2 KEVKJB  |9 230170 
610 2 7 |a Divadlo Janka Borodáča  |2 KEVKJB  |9 232364 
650 0 7 |a hosťovanie  |2 KEVKJB  |9 347282 
650 0 7 |a informácie  |2 KEVKJB  |9 1285 
651 7 |a Košice (Slovensko)  |2 KEVKJB  |9 18694 
651 7 |a KE,  |2 KEVKJB  |9 877256 
655 7 |a periodikum  |2 snkbucl  |9 29553 
710 2 |a Štátne divadlo Košice  |4 aut  |9 120184 
710 2 |a Slovenské vojvodinské divadlo  |4 aut  |9 31586 
773 0 8 |t Košický denník Korzár  |g Roč. 5, č.47, 25.2.2002, s. 4  |x 1335-4566 
852 |a ZVYKNI  |b KIS3GCP 
999 |c 2608607  |d 2610537